00753nam a22001937a 4500003000900000005001700009008004100026040001300067041000800080082001300088110004100101245006500142260005000207300002300257440004900280504004000329650003300369650015700402BDDh-ASL20231120151306.0231120b2001 nyu||||| |||| 00| 0 eng d cBDDh-ASL aeng a954bROY1 aCambridge University Press, London. 10aTransactions of the Royal Historical Society: bVolume- XI./ aLondon: bCambridge University Press, c2001. a449 p.: c22 c.m.  aRoyal Historical Society: Sixth Series n 11 aInclude Bibliographical References. 0aHistory (ইতিহাস) 0aHistory and Heritage (ইতিহাস ও ঐতিহ্য) , ইতিহাস, History, Etihas, Itihas O Oitijjo, Etihash O Aitijjaya , Aitijjha